000
00310nam a2200109Ia 4500
008
200302s9999 xx 000 0 und d
100
_a
Frank R. Dagostino
245
_a
Mechanical and Electrical Systems in Construction and Architecture
260
_b
Reston Publishing Co. Inc.
260
_c
1978
300
_a
545 P.,
999
_c
582
_d
582